Borbone delle Due Sicilie - Statistics

Statistiche generali
  • Questo quiz è stato fatto 21 volte
  • Il punteggio medio è 4 su 5
Statistiche sulle risposte
Anni di regno Sovrano % Corretto
1734-1759 Carlo
89%
1759-1825 Ferdinando I
83%
1830-1859 Ferdinando II
83%
1825-1830 Francesco I
67%
1859-1861 Francesco II
67%
Nessun quiz corrispondente trovato
Distribuzione punteggi
Percentuale di utenti per punteggio
Percentile per numero di risposta
I tuoi punteggi nel tempo
Non hai fatto questo quiz